Countries Explained part 2! - Statistics

General Stats
  • This quiz has been taken 22 times
  • The average score is 7 of 12
Answer Stats
Hint Country % Correct
The Country That Has The Most Roads United States
100%
The Most Peaceful Country In The World Iceland
72%
The Country With The Most GDP Per Capita In Europe Luxembourg💵
72%
The Most Polluted Country In The World Bangladesh
67%
The Country That Has The Most Roses Netherlands🌹
67%
The Smartest Country In The World Canada🧠
61%
The Least Polluted Country In The World Sweden
61%
The Cleanest Country In The World Switzerland
56%
The Most Beautiful Country In The World Italy
50%
The Most Saddest Country In The World Afghanistan😭
44%
The Country With The Lowest GDP Per Capita Burundi
39%
The Country With The Nicest People Portugal
33%
No matching quizzes found
Score Distribution
Percent of People with Each Score
Percentile by Number Answered
Your Score History
You have not taken this quiz